书目信息 |
| 题名: |
信息检索与智能处理
|
|
| 作者: | 高凯 著 | |
| 分册: | ||
| 出版信息: | 北京 国防工业出版社 2014 |
|
| 页数: | 13,216页 | |
| 开本: | 26cm | |
| 丛书名: | ||
| 单 册: | ||
| 中图分类: | G254.9 | |
| 科图分类: | ||
| 主题词: | 情报检索 | |
| 电子资源: | ||
| ISBN: | 978-7-118-09004-8 | |
| 000 | 00911nam0 2200241 450 | |
| 001 | 523 | |
| 005 | 20140909172304.42 | |
| 010 | @a978-7-118-09004-8@dCNY39.80 | |
| 100 | @a20140123d2014 em y0chiy50 ea | |
| 101 | 0 | @achi |
| 102 | @aCN@b110000 | |
| 105 | @ay z 000yy | |
| 106 | @ar | |
| 200 | 1 | @a信息检索与智能处理@AXin Xi Jian Suo Yu Zhi Neng Chu Li@f高凯[等]著@FGao Kai [ Deng ] Zhu |
| 210 | @a北京@c国防工业出版社@d2014 | |
| 215 | @a13,216页@d26cm | |
| 304 | @a著者还有:仇晶、张晓明、王伟、张华平 | |
| 330 | @a本书涵盖了信息检索与智能处理的多个重要组成部分,从多个视角对信息检索和智能处理技术进行了分析,内容包括信息检索系统的架构、检索结果处理、中英文分词、评价方法、Web检索、网络异构信息采集与获取、信息去噪、信息抽取、话题跟踪等。 | |
| 606 | 0 | @a情报检索 |
| 690 | @aG254.9@v5 | |
| 701 | 0 | @a高凯@AGao Kai@f(1968~)@4著 |
| 801 | 0 | @aCN@bTANGWEI@c20140603 |
| 905 | @b0839884-86@dG254.9@e119@f3 | |
| 信息检索与智能处理/高凯[等]著.-北京:国防工业出版社,2014 |
| 13,216页;26cm |
| ISBN 978-7-118-09004-8:CNY39.80 |
| 本书涵盖了信息检索与智能处理的多个重要组成部分,从多个视角对信息检索和智能处理技术进行了分析,内容包括信息检索系统的架构、检索结果处理、中英文分词、评价方法、Web检索、网络异构信息采集与获取、信息去噪、信息抽取、话题跟踪等。 |
| ● |
| 相关链接 |
|
|
|
|
正题名:信息检索与智能处理
索取号:G254.9/119
 
预约/预借
| 序号 | 登录号 | 条形码 | 馆藏地/架位号 | 状态 | 备注 |
| 1 | 0839884 | 208398848 | 第一样本阅览室/ [索取号:G254.9/119] | 在馆 | |
| 2 | 0839885 | 208398857 | 第四借阅区/ [索取号:G254.9/119] | 在馆 | |
| 3 | 0839886 | 208398866 | 第四借阅区/ [索取号:G254.9/119] | 在馆 |